Los hijos de Sánchez /

Con la ayuda de una familia mexicana (la familia Sánchez del título), Oscar Lewis realizó un análisis antropológico sobre las consecuencias de la industrialización y la urbanización del país a mediados del siglo XX y muestra su cara amarga. La creciente migración de campesinos hacia las ciudades sep...

Πλήρης περιγραφή

Αποθηκεύτηκε σε:
Λεπτομέρειες βιβλιογραφικής εγγραφής
Κύριος συγγραφέας: Lewis, Oscar (autor)
Άλλοι συγγραφείς: Villegas, Carlos (traducción) (traducción)
Μορφή: Βιβλίο
Γλώσσα:Ισπανικά
Έκδοση: México : Grijalbo, 1995, c1982
Σειρά:(Tratados y Manuales Grijalbo)
Θέματα:
Ετικέτες: Προσθήκη ετικέτας
Δεν υπάρχουν, Καταχωρήστε ετικέτα πρώτοι!

MARC

LEADER 00000nam^a2200000^a^4500
001 000099028
005 20251021151848.0
009 20260310093113.416
020 |a 970-05-0247-3 
025 |a Donación sin dato, 1 ejemplar 
037 |a Acervo ITESO - Biblioteca 
041 |a ESP 
082 |a 305. 560972  |b LEW 
100 |a Lewis, Oscar  |e (autor) 
240 1 5 |a [Los hijos de Sánchez] 
245 1 4 |a Los hijos de Sánchez /  |c O. Lewis ; tr. por C. Villegas. 
264 4 |a México :  |b Grijalbo,  |c 1995, c1982 
300 |a 521 p. 
336 |a texto  |b txt  |2 rdacontenido 
337 |a sin mediación  |b n  |2 rdamedio 
338 |a volumen  |b nc  |2 rdasoporte 
440 1 |a (Tratados y Manuales Grijalbo) 
500 |a Traducción de: The Children of Sánchez. Autobiography of a Mexican Family 
520 |a Con la ayuda de una familia mexicana (la familia Sánchez del título), Oscar Lewis realizó un análisis antropológico sobre las consecuencias de la industrialización y la urbanización del país a mediados del siglo XX y muestra su cara amarga. La creciente migración de campesinos hacia las ciudades separó las poblaciones de origen citadino y de origen campesino; éstos sufren la marginación y la pobreza. La historia de la familia Sánchez se basa en la figura del autoritario y machista viudo Jesús Sánchez, padre de una numerosa familia proletaria hacinada en una vecindad de la ciudad de México, donde sus hijos buscan salidas desesperadas en la migración ilegal, la prostitución, el robo o el incesto para sobrevivir. 
649 |a XX 
650 |a Marginados Sociales -  |z México (Ciudad) -  |x Condiciones Sociales y Culturales -  |x Tema Principal 
650 |a Patriarcado -  |z México (Ciudad) -  |x Condiciones Sociales y Culturales 
650 |a Familia -  |z México (Ciudad) -  |x Condiciones Sociales y Culturales -  |x Tema Principal 
650 |a Clase Baja -  |z México (Ciudad) -  |x Condiciones Sociales y Culturales 
650 |a Incesto -  |z México (Ciudad) 
650 |a Machismo -  |z México (Ciudad) 
650 |a Relaciones Familiares -  |z México (Ciudad) 
650 |a Historias de Familia -  |z México (Ciudad) -  |x Tema Principal 
650 |a Narrativa de No Ficción Norteamericana 
650 |a Literatura Norteamericana -  |y Siglo XX 
650 |a Pobreza -  |z México (Ciudad) 
650 |a Marginación -  |z México (Ciudad) 
650 |a Prostitución -  |z México (Ciudad) 
650 |a Delincuencia -  |z México (Ciudad) 
650 |a Problemática Habitacional -  |z México (Ciudad) 
650 |a Vecindades -  |z México (Ciudad) 
650 |a Vivienda -  |z México (Ciudad) 
650 |a Problemas Sociales -  |z México (Ciudad) 
650 |a Inmigración -  |z México (Ciudad) 
650 |a Migración Rural-Urbana -  |z México 
650 |a México (Ciudad) en la Literatura 
650 |a México (Ciudad) -  |x Condiciones Sociales y Culturales 
650 |a México en la Literatura 
650 |a México -  |x Condiciones Sociales y Culturales 
650 |a Sociología de la Cultura 
650 |a Antropología Cultural 
700 |a Villegas, Carlos  |e (traducción) 
910 |a Fondo General 
920 |a Impresos - Libros 
930 |a Colección General 
905 |a 101 
901 |a 99028-20  |b IT1  |c ACC  |i D  |u 20251021 
902 |a https://opac.biblio.iteso.mx/vufind/Record/000099028